Star wars episode V, the empire strikes back

Μετά από ένα όραμα που δέχεται από τον Obi-Wan Kenobi και τον αφανισμό του παγωμένου κόσμου του Hoth, μετά από μία επίθεση της αυτοκρατορίας, ο Luke Skywalker ταξιδεύει με τους φίλους του στον πλανήτη του Dagobah, όπου μυείται στα μυστικά της δύναμης από τον θρυλικό Jedi master Yoda. Εντωμεταξύ, ο H...

Πλήρης περιγραφή

Αποθηκεύτηκε σε:
Λεπτομέρειες βιβλιογραφικής εγγραφής
Άλλοι συγγραφείς: Kershner, Irvin (Διευθυντής), Hamill, Mark (Ηθοποιός), Ford, Harrison, 1942- (Ηθοποιός), Fisher, Carrie (Ηθοποιός), Williams, Billy Dee, 1937- (Ηθοποιός), Daniels, Anthony (Ηθοποιός), Prowse, Dave, 1935- (Ηθοποιός), Baker, Kenny, 1934-2016 (Ηθοποιός), Mayhew, Peter, 1944-2019 (Ηθοποιός), Oz, Frank (Ηθοποιός)
Μορφή: Διαφάνειες
Γλώσσα:English
Multiple
Δημοσίευση: [S.l.] : Lucasfilm, c2004.
Θέματα:
Ετικέτες: Προσθήκη ετικέτας
Δεν υπάρχουν, Καταχωρήστε ετικέτα πρώτοι!

MARC

LEADER 00000cgm a2200000 i 4500
001 1/23116
008 121001s1980 xx ||| | || ||eng||
035 |l 10113181 
040 |a GR-MyUa  |b gre  |e AACR2 
041 0 |a eng  |j mul 
082 7 |a 791.437   |2 (22) 
245 0 0 |a Star wars   |h [μαγνητοσκόπηση] :   |b episode V, the empire strikes back /   |c directed by Irvin Kershner. 
260 |a [S.l.] :   |b Lucasfilm,   |c c2004. 
300 |a 1 βιντεοδίσκος (129 λεπτ.) :   |b ομίλ., έγχρ. ;   |c 4 3/4 ίν. 
500 |a Κυκλοφόρησε πρώτη φορά ως κινηματογραφική ταινία το 1980. 
508 |a Παραγωγή, Gary Kurtz ; σενάριο, Leigh Brackett & Lawrence Kasdan ; πλοκή, George Lucas ; εκτέλεση παραγωγής, George Lucas ; μουσική, John Williams. 
511 0 |a Mark Hamill, Harrison Ford, Carrie Fisher, Billy dee Williams, Anthony Daniels, David Prowse, Kenny Baker, Peter Mayhew, Frank Oz. 
520 8 |a Μετά από ένα όραμα που δέχεται από τον Obi-Wan Kenobi και τον αφανισμό του παγωμένου κόσμου του Hoth, μετά από μία επίθεση της αυτοκρατορίας, ο Luke Skywalker ταξιδεύει με τους φίλους του στον πλανήτη του Dagobah, όπου μυείται στα μυστικά της δύναμης από τον θρυλικό Jedi master Yoda. Εντωμεταξύ, ο Han Solo και η πριγκίπισσα Leia πηγαίνουν στον πλανήτη Bespin, όπου τους υποδέχεται ο παλιός φίλος του Han, ένας ύπουλος τζογαδόρος, ο Lando Calrissian. Αμέσως μετά την άφιξή τους τους στήνει ενέδρα ο Αυτοκράτορας και ο Han και οι φίλοι του φυλακίζονται από τον Darth Vader. Ο Luke αφήνει το Dagobah για να σώσει τους φίλους του και συναντά τον Vader. 
546 |a Στα αγγλικά με υπότιτλους στα ελληνικά. 
650 0 |a Space warfare  |v Drama. 
655 7 |a Feature films  |2 lcgft 
700 1 |a Kershner, Irvin,  |e drt 
700 1 |a Hamill, Mark,  |e act 
700 1 |a Ford, Harrison,   |d 1942-  |e act 
700 1 |a Fisher, Carrie,  |e act 
700 1 |a Williams, Billy Dee,   |d 1937-  |e act 
700 1 |a Daniels, Anthony,  |e act 
700 1 |a Prowse, Dave,   |d 1935-  |e act 
700 1 |a Baker, Kenny,   |d 1934-2016,  |e act 
700 1 |a Mayhew, Peter,   |d 1944-2019,  |e act 
700 1 |a Oz, Frank,  |e act 
852 |a INST  |b SYROS  |c AV  |e 20121001  |h 791.437 KER  |p 005500010151  |q 005500010151  |t DVD  |y 23 
901 |a BIBL5-2008-1 
920 |a Αναμόρφωση  |b ΕΠΕΑΕΚ ΙΙ-ΤΜΣΠΣ  |y Σύρος  |z 2006-06 
970 |a Κοντού  |b Παρασκευή  |z 01/12/2012